[Event "Rubinstein Memorial-C 55th"]
[Site "Polanica Zdroj"]
[Date "2019.08.21"]
[Round "5"]
[White "Topola, Rafal"]
[Black "Tokmantsev, Ivan"]
[Result "0-1"]
[WhiteElo "1660"]
[BlackElo "1918"]
[PlyCount "120"]
[EventDate "2019.08.17"]
[EventType "swiss"]
[EventRounds "9"]
[EventCountry "POL"]
[SourceTitle "EXT 2020"]
[Source "ChessBase"]
[SourceDate "2019.10.17"]
[SourceVersion "1"]
[SourceVersionDate "2019.10.17"]
[SourceQuality "1"]

1. e4 e6 2. d4 d5 3. exd5 exd5 4. Nf3 Nf6 5. c4 c6 6. Nc3 Be7 7. Bd3 0-0 8. 0-0 Bg4 9. cxd5 Nxd5 10. Nxd5 Qxd5 11. Re1 Bxf3 12. Qxf3 Qxf3 13. gxf3 Bf6 14. Be3 Nd7 15. Rad1 Nb6 16. Bf4 g6 17. Be5 Kg7 18. Bc2 Rad8 19. Bb3 Rd7 20. a4 Rfd8 21. a5 Nd5 22. Bxd5 Rxd5 23. Bxf6+ Kxf6 24. a6 bxa6 25. Ra1 a5 26. Rec1 R8d6 27. Rc5 Rxd4 28. Rcxa5 Rb4 29. Rxa7 Rxb2 30. Rc7 Kg7 31. Kg2 Rc2 32. Ra6 Rf6 33. Ra3 Rf5 34. h4 c5 35. Kg3 h5 36. Re3 Rc4 37. Re4 Rc3 38. Re3 Rc1 39. Re4 Rd1 40. Re3 Rdd5 41. f4 Rd4 42. Rc3 Rdxf4 43. f3 Rd4 44. R7xc5 Rff4 45. Rd3 Rxh4 46. Rxd4 Rxd4 47. f4 Rd3+ 48. Kg2 Kf6 49. Ra5 Ke6 50. f5+ Kf6 51. fxg6 fxg6 52. Rb5 Kg7 53. Ra5 Kh6 54. Kh2 h4 55. Ra8 g5 56. Ra6+ Kh5 57. Ra8 Rd2+ 58. Kg1 h3 59. Rh8+ Kg4 60. Ra8 Kg3 0-1

[Event "Rubinstein Memorial-C 55th"]
[Site "Polanica Zdroj"]
[Date "2019.08.20"]
[Round "4"]
[White "Tokmantsev, Ivan"]
[Black "Wilgosz, Jan"]
[Result "1-0"]
[WhiteElo "1918"]
[BlackElo "1569"]
[PlyCount "57"]
[EventDate "2019.08.17"]
[EventType "swiss"]
[EventRounds "9"]
[EventCountry "POL"]
[SourceTitle "EXT 2020"]
[Source "ChessBase"]
[SourceDate "2019.10.17"]
[SourceVersion "1"]
[SourceVersionDate "2019.10.17"]
[SourceQuality "1"]

1. e4 e5 2. Nf3 Nc6 3. Bb5 a6 4. Bxc6 dxc6 5. h3 Bc5 6. d3 Qe7 7. Qe2 Nf6 8. 0-0 Bd7 9. Be3 Nh5 10. Nbd2 0-0-0 11. Nc4 f6 12. a3 Be8 13. b4 Bxe3 14. Qxe3 Kb8 15. Rfb1 Nf4 16. a4 g5 17. b5 cxb5 18. axb5 Bxb5 19. Na5 h5 20. Ne1 Qd7 21. c4 Bc6 22. Qc5 Kc8 23. Qa7 Qg7 24. Nxb7 Bxb7 25. Rxb7 g4 26. Qb8+ Kd7 27. Qxc7+ Ke6 28. Rb6+ Rd6 29. Rxd6# 1-0

[Event "Voronezh op-B 23rd"]
[Site "Voronezh"]
[Date "2019.06.20"]
[Round "9"]
[White "Nasonov, Vadim"]
[Black "Tokmantsev, Ivan"]
[Result "0-1"]
[WhiteElo "2155"]
[BlackElo "1894"]
[PlyCount "46"]
[EventDate "2019.06.12"]
[EventType "swiss"]
[EventRounds "9"]
[EventCountry "RUS"]
[SourceTitle "EXT 2020"]
[Source "ChessBase"]
[SourceDate "2019.10.17"]
[SourceVersion "1"]
[SourceVersionDate "2019.10.17"]
[SourceQuality "1"]

1. d4 d5 2. g3 Nf6 3. Bg2 c6 4. Nf3 h6 5. 0-0 Bf5 6. c4 e6 7. Nc3 Nbd7 8. Nd2 Be7 9. e4 dxe4 10. Ndxe4 Nxe4 11. Nxe4 0-0 12. Be3 Nb6 13. Qb3 Rc8 14. a4 Nd7 15. Qxb7 Rb8 16. Qxc6 Rb6 17. Nf6+ Nxf6 18. Qf3 Bg4 19. Qf4 Bd6 20. c5 Bxf4 21. cxb6 Bxe3 22. bxa7 Nd5 23. fxe3 Qa5 0-1

[Event "Voronezh op-B 23rd"]
[Site "Voronezh"]
[Date "2019.06.16"]
[Round "5"]
[White "Sepiashvili, Ivan"]
[Black "Tokmantsev, Ivan"]
[Result "0-1"]
[WhiteElo "1691"]
[BlackElo "1894"]
[PlyCount "126"]
[EventDate "2019.06.12"]
[EventType "swiss"]
[EventRounds "9"]
[EventCountry "RUS"]
[SourceTitle "EXT 2020"]
[Source "ChessBase"]
[SourceDate "2019.10.17"]
[SourceVersion "1"]
[SourceVersionDate "2019.10.17"]
[SourceQuality "1"]

1. e4 e6 2. d4 d5 3. Nc3 Bb4 4. e5 Ne7 5. a3 Bxc3+ 6. bxc3 b6 7. Qg4 Ng6 8. h4 h5 9. Qg3 Ba6 10. Bg5 Qd7 11. Bd3 Bxd3 12. cxd3 c5 13. Nh3 Nc6 14. Be3 cxd4 15. cxd4 Nce7 16. Nf4 Nf5 17. Qg5 Nxf4 18. Qxf4 Qe7 19. Qg5 Qxg5 20. hxg5 Kd7 21. Kd2 Rac8 22. f3 g6 23. Bf2 Rc6 24. g4 Ng7 25. Rac1 Rxc1 26. Kxc1 Rc8+ 27. Kb2 b5 28. Be1 Rh8 29. Rh3 Ne8 30. Ba5 Nc7 31. Bb4 Na8 32. Ba5 Kc6 33. Kb3 Nb6 34. Bd2 Nc8 35. Bb4 Kd7 36. Bc5 a5 37. Rh4 Ne7 38. Bxe7 Kxe7 39. Kb2 Kf8 40. Kb3 Kg8 41. Rh1 h4 42. Rh3 Kf8 43. Kc3 Ke7 44. Kb3 Kd7 45. Kc3 Kc6 46. Kb3 Kb6 47. Kc3 Kc6 48. Kb3 a4+ 49. Kc3 Kb6 50. Kb2 Ka5 51. Kc3 Rh7 52. f4 Rh8 53. Kb2 b4 54. Ka2 bxa3 55. Kxa3 Kb5 56. Kb2 Kb4 57. Kc2 a3 58. Kb1 Kb3 59. Ka1 a2 60. Rh2 h3 61. Rb2+ Kc3 62. Rh2 Kxd3 63. Kxa2 Kxd4 0-1

[Event "Voronezh op-B 23rd"]
[Site "Voronezh"]
[Date "2019.06.13"]
[Round "2"]
[White "Tokmantsev, Ivan"]
[Black "Beldyugin, Alexey"]
[Result "1/2-1/2"]
[WhiteElo "1894"]
[BlackElo "2126"]
[PlyCount "99"]
[EventDate "2019.06.12"]
[EventType "swiss"]
[EventRounds "9"]
[EventCountry "RUS"]
[SourceTitle "CBM 191 Extra"]
[Source "ChessBase"]
[SourceDate "2019.09.30"]
[SourceVersion "1"]
[SourceVersionDate "2019.09.30"]
[SourceQuality "1"]

1. d4 Nf6 2. c4 e6 3. Nc3 d5 4. cxd5 exd5 5. Bg5 c6 6. Qc2 Be7 7. e3 Bg4 8. Bd3 Bh5 9. Nh3 Bg6 10. Nf4 Bxd3 11. Nxd3 Nbd7 12. h3 Ne4 13. Nxe4 dxe4 14. Bxe7 Qxe7 15. Nf4 Qb4+ 16. Qc3 Qxc3+ 17. bxc3 Nb6 18. Rb1 0-0-0 19. Nh5 Rd5 20. Ng3 f5 21. Kd2 Ra5 22. Ra1 g6 23. Kc2 Rd8 24. Rhb1 Rdd5 25. Ne2 Rdb5 26. Nc1 Nc4 27. Rb4 Rxb4 28. cxb4 Ra4 29. Kb3 b5 30. a3 a5 31. bxa5 Nxa5+ 32. Kb2 Kc7 33. Ne2 Kd6 34. Nc3 Nc4+ 35. Kb3 Ra6 36. a4 Nb6 37. a5 Na4 38. Nxa4 Rxa5 39. Ra2 bxa4+ 40. Rxa4 Rxa4 41. Kxa4 c5 42. dxc5+ Kxc5 43. Kb3 Kb5 44. h4 h6 45. g3 g5 46. hxg5 hxg5 47. Kc3 Kc5 48. Kb3 Kb5 49. Kc3 Kc5 50. Kb3 1/2-1/2

[Event "Wch U10 blitz"]
[Site "Minsk"]
[Date "2018.06.24"]
[Round "3"]
[White "Longia Zaidi, Ismail"]
[Black "Tokmantsev, Ivan"]
[Result "0-1"]
[WhiteElo "1498"]
[BlackElo "1843"]
[PlyCount "124"]
[EventDate "2018.06.24"]
[EventType "swiss (blitz)"]
[EventRounds "9"]
[EventCountry "BLR"]
[SourceTitle "EXT 2019"]
[Source "ChessBase"]
[SourceDate "2018.10.10"]
[SourceVersion "1"]
[SourceVersionDate "2018.10.10"]
[SourceQuality "1"]

1. d4 c5 2. d5 Nf6 3. c4 b5 4. b3 g6 5. Bb2 Bg7 6. Nc3 bxc4 7. bxc4 0-0 8. Rb1 Qa5 9. f3 d6 10. e4 Nbd7 11. Bd3 Ne5 12. Nge2 e6 13. Qc2 exd5 14. exd5 Re8 15. 0-0 Nxd3 16. Qxd3 Bf5 17. Ne4 Nxe4 18. Bxg7 Kxg7 19. fxe4 Bxe4 20. Qd1 Bxb1 21. Qxb1 Rxe2 22. Qc1 Qxa2 23. Qg5 Rxg2+ 24. Qxg2 Qxg2+ 25. Kxg2 Re8 26. Kf2 Re4 27. Rc1 f5 28. Kf3 Kf6 29. h3 Ke5 30. Kf2 Kd4 31. Kf3 Rh4 32. Kg3 Re4 33. Kf3 Re7 34. Kg3 Rb7 35. Kf4 h6 36. Kg3 g5 37. Kf3 Rb3+ 38. Kg2 Rb4 39. Ra1 Kxc4 40. Rxa7 Kxd5 41. Ra1 Rd4 42. Rc1 Rd2+ 43. Kg3 f4+ 44. Kf3 Rd3+ 45. Kg2 Rg3+ 46. Kh2 h5 47. Rd1+ Ke5 48. Re1+ Re3 49. Rd1 d5 50. Rc1 c4 51. Rg1 Kf5 52. Rd1 Rd3 53. Re1 Rd2+ 54. Kh1 g4 55. hxg4+ hxg4 56. Rg1 g3 57. Rf1 Kg4 58. Re1 f3 59. Rb1 c3 60. Rc1 c2 61. Ra1 Rd1+ 62. Rxd1 cxd1R# 0-1

[Event "Wch U10 blitz"]
[Site "Minsk"]
[Date "2018.06.24"]
[Round "8"]
[White "Tokmantsev, Ivan"]
[Black "Kolesov, Gordey"]
[Result "0-1"]
[WhiteElo "1843"]
[BlackElo "1633"]
[PlyCount "78"]
[EventDate "2018.06.24"]
[EventType "swiss (blitz)"]
[EventRounds "9"]
[EventCountry "BLR"]
[SourceTitle "EXT 2019"]
[Source "ChessBase"]
[SourceDate "2018.10.10"]
[SourceVersion "1"]
[SourceVersionDate "2018.10.10"]
[SourceQuality "1"]

1. d4 Nf6 2. c4 e6 3. Nc3 Bb4 4. Nf3 d5 5. e3 0-0 6. Bd3 b6 7. 0-0 Bb7 8. Ne5 Nbd7 9. cxd5 exd5 10. Nxd7 Qxd7 11. a3 Bd6 12. Re1 Rfe8 13. h3 Bf8 14. Qc2 a6 15. Bd2 c5 16. Bf1 cxd4 17. exd4 Rac8 18. Qb3 b5 19. Re5 Rxe5 20. dxe5 Ne4 21. Nxe4 dxe4 22. Bc3 Bc5 23. Be2 Qf5 24. Rf1 Rd8 25. Bg4 Qf4 26. e6 e3 27. exf7+ Kh8 28. Qe6 exf2+ 29. Kh1 Qg3 30. Qe8+ Bf8 31. Bf3 Bxf3 32. Rxf2 Qxf2 33. Bxg7+ Kxg7 34. Qe5+ Kxf7 35. Qf5+ Ke8 36. Qe6+ Be7 37. Qg8+ Kd7 38. Qg7 Qxg2+ 39. Qxg2 Bxg2+ 0-1

[Event "Wch U10 blitz"]
[Site "Minsk"]
[Date "2018.06.24"]
[Round "4"]
[White "Tokmantsev, Ivan"]
[Black "Poliakov, Danylo"]
[Result "1-0"]
[WhiteElo "1843"]
[BlackElo "1564"]
[PlyCount "78"]
[EventDate "2018.06.24"]
[EventType "swiss (blitz)"]
[EventRounds "9"]
[EventCountry "BLR"]
[SourceTitle "EXT 2019"]
[Source "ChessBase"]
[SourceDate "2018.10.10"]
[SourceVersion "1"]
[SourceVersionDate "2018.10.10"]
[SourceQuality "1"]

1. d4 g6 2. c4 Nf6 3. Nc3 d5 4. cxd5 Nxd5 5. e3 Bg7 6. Bc4 Nxc3 7. bxc3 0-0 8. Ne2 Qd7 9. 0-0 b6 10. a4 Nc6 11. Ba3 Bb7 12. f4 Na5 13. Bd3 Rfd8 14. f5 c5 15. fxg6 hxg6 16. Nf4 cxd4 17. exd4 Qc6 18. Rc1 e5 19. d5 Qe8 20. Bb5 Nc6 21. Nd3 Rxd5 22. Qe2 Bh6 23. Rcd1 e4 24. Nb4 Rxd1 25. Qxd1 Be3+ 26. Kh1 Rd8 27. Qe2 Bc5 28. Qg4 Bxb4 29. Bxb4 a6 30. Be2 Ne5 31. Qf4 Nd3 32. Qf6 Nxb4 33. cxb4 Bd5 34. Qxb6 Rb8 35. Qc5 Bb7 36. Bc4 Rc8 37. Qd4 Rd8 38. Bxf7+ Kh7 39. Qf6 Rd7 1-0

[Event "Wch U10 blitz"]
[Site "Minsk"]
[Date "2018.06.24"]
[Round "6"]
[White "Tokmantsev, Ivan"]
[Black "Saveljev, Ivan"]
[Result "0-1"]
[WhiteElo "1843"]
[BlackElo "1712"]
[PlyCount "98"]
[EventDate "2018.06.24"]
[EventType "swiss (blitz)"]
[EventRounds "9"]
[EventCountry "BLR"]
[SourceTitle "EXT 2019"]
[Source "ChessBase"]
[SourceDate "2018.10.10"]
[SourceVersion "1"]
[SourceVersionDate "2018.10.10"]
[SourceQuality "1"]

1. Nf3 d5 2. g3 Nf6 3. Bg2 e6 4. 0-0 Bd6 5. d3 0-0 6. Qe1 Re8 7. e4 dxe4 8. dxe4 e5 9. Nc3 Be6 10. Bg5 h6 11. Be3 Nc6 12. Nd2 Nd4 13. Nb3 Nxc2 14. Qd2 Nxa1 15. Rxa1 Bb4 16. Qc2 Bxc3 17. Qxc3 b6 18. Nd2 Qd6 19. h3 Rad8 20. Rc1 c5 21. Bf1 Qd7 22. Kh2 Qd6 23. Kg2 Qc6 24. f3 Re7 25. b4 Red7 26. bxc5 bxc5 27. Nb3 Bxb3 28. axb3 Rb7 29. b4 Nxe4 30. fxe4 Qxe4+ 31. Kg1 cxb4 32. Qb3 Rbd7 33. Bf2 Rd2 34. Rc4 Qf5 35. Qe3 Rd1 36. Rxb4 Qxh3 37. Qe2 R8d2 38. Qc4 Qf5 39. Qc5 Qd3 40. Qc4 Rxf1+ 41. Kg2 Rdxf2+ 42. Kh3 Qxc4 43. Rxc4 Rh1+ 44. Kg4 h5+ 45. Kg5 Rh3 46. g4 Kh7 47. gxh5 Rhf3 48. Rc7 Rf4 49. Rxa7 f6# 0-1

[Event "Wch U10 rapid"]
[Site "Minsk"]
[Date "2018.06.23"]
[Round "7"]
[White "Vetokhin, Savva"]
[Black "Tokmantsev, Ivan"]
[Result "1/2-1/2"]
[WhiteElo "1519"]
[BlackElo "1824"]
[PlyCount "121"]
[EventDate "2018.06.22"]
[EventType "swiss (rapid)"]
[EventRounds "9"]
[EventCountry "BLR"]
[SourceTitle "EXT 2019"]
[Source "ChessBase"]
[SourceDate "2018.10.10"]
[SourceVersion "1"]
[SourceVersionDate "2018.10.10"]
[SourceQuality "1"]

1. e4 c5 2. c3 e5 3. Nf3 Nc6 4. d4 exd4 5. cxd4 cxd4 6. Nxd4 Bc5 7. Nb3 Bb4+ 8. Bd2 Bxd2+ 9. Qxd2 Qe7 10. Nc3 Nf6 11. f3 0-0 12. 0-0-0 a6 13. g4 b5 14. h4 b4 15. Nd5 Nxd5 16. Qxd5 Rb8 17. Nc5 Ne5 18. Be2 Nxf3 19. Qd6 Qxd6 20. Rxd6 Ne5 21. Rd5 f6 22. g5 a5 23. Rg1 Kf7 24. gxf6 gxf6 25. Bh5+ Ng6 26. Nxd7 Bxd7 27. Rxd7+ Ke6 28. Rxh7 Ne5 29. Bg4+ Nxg4 30. Rxg4 Rbc8+ 31. Kb1 Rfd8 32. Rg1 Rd2 33. Rc1 Rxc1+ 34. Kxc1 Re2 35. Ra7 Rxe4 36. h5 Rh4 37. Rxa5 f5 38. Ra4 Ke5 39. h6 f4 40. Rxb4 Rxh6 41. Kd2 Rh2+ 42. Kd3 Kf5 43. a4 Rh6 44. Rc4 Re6 45. a5 f3 46. Rc2 Kf4 47. Rf2 Kg3 48. Rc2 Rd6+ 49. Ke3 Re6+ 50. Kd3 f2 51. Rxf2 Kxf2 52. b4 Rd6+ 53. Kc4 Ke3 54. Kc5 Rd8 55. b5 Ke4 56. a6 Rc8+ 57. Kb6 Kd5 58. Kb7 Rh8 59. a7 Kc5 60. b6 Rh7+ 61. Ka6 1/2-1/2

[Event "Rubinstein Memorial-C 53rd"]
[Site "Polanica Zdroj"]
[Date "2017.08.24"]
[Round "6"]
[White "Szczesniak, Andrzej"]
[Black "Tokmantsev, Ivan"]
[Result "1-0"]
[WhiteElo "1970"]
[BlackElo "1711"]
[PlyCount "69"]
[EventDate "2017.08.19"]
[EventType "swiss"]
[EventRounds "9"]
[EventCountry "POL"]
[SourceTitle "CBM 180 Extra"]
[Source "ChessBase"]
[SourceDate "2017.10.06"]
[SourceVersion "1"]
[SourceVersionDate "2017.10.06"]
[SourceQuality "1"]

1. d4 Nf6 2. c4 g6 3. Nc3 Bg7 4. e4 d6 5. Be2 0-0 6. Nf3 e5 7. Be3 Nc6 8. d5 Ne7 9. Nd2 Ne8 10. b4 f5 11. f3 f4 12. Bf2 g5 13. h4 h6 14. c5 Rf7 15. Nc4 Bf8 16. a4 Rg7 17. hxg5 hxg5 18. a5 Nf6 19. cxd6 cxd6 20. Nb5 Ng6 21. Nxa7 g4 22. Nb6 Rxa7 23. Nxc8 Qxc8 24. Bxa7 Qc3+ 25. Kf1 Rh7 26. Rxh7 Kxh7 27. Rc1 Qxb4 28. Bb6 Nh5 29. Rc4 Qb2 30. Qc2 Ng3+ 31. Kf2 Qa1 32. Bd1 gxf3 33. Ra4 Nxe4+ 34. Rxe4 fxg2 35. Ra4 1-0